Crimes against humanity : (Record no. 5617)
[ view plain ]
| 000 -LEADER | |
|---|---|
| fixed length control field | 01729cam a22003731i 4500 |
| 001 - CONTROL NUMBER | |
| control field | ocn885225917 |
| 003 - CONTROL NUMBER IDENTIFIER | |
| control field | OCoLC |
| 005 - DATE AND TIME OF LATEST TRANSACTION | |
| control field | 20200722154410.0 |
| 008 - FIXED-LENGTH DATA ELEMENTS--GENERAL INFORMATION | |
| fixed length control field | 140630r20142011enk b 001 0 eng d |
| 015 ## - NATIONAL BIBLIOGRAPHY NUMBER | |
| National bibliography number | GBB4A6160 |
| Source | bnb |
| 016 7# - NATIONAL BIBLIOGRAPHIC AGENCY CONTROL NUMBER | |
| Record control number | 016885243 |
| Source | Uk |
| 020 ## - INTERNATIONAL STANDARD BOOK NUMBER | |
| International Standard Book Number | 9781107459366 |
| Qualifying information | (pbk.) |
| 020 ## - INTERNATIONAL STANDARD BOOK NUMBER | |
| International Standard Book Number | 1107459362 |
| 035 ## - SYSTEM CONTROL NUMBER | |
| System control number | (OCoLC)885225917 |
| 040 ## - CATALOGING SOURCE | |
| Original cataloging agency | UKMGB |
| Language of cataloging | eng |
| Description conventions | rda |
| Transcribing agency | TZ-ArACH |
| 049 ## - LOCAL HOLDINGS (OCLC) | |
| Holding library | TZAA |
| 050 14 - LIBRARY OF CONGRESS CALL NUMBER | |
| Classification number | KZ7145 |
| Item number | .B37 2014 |
| 082 04 - DEWEY DECIMAL CLASSIFICATION NUMBER | |
| Classification number | 345.0235 |
| Edition number | 23 |
| 100 1# - MAIN ENTRY--PERSONAL NAME | |
| Personal name | Bassiouni, M. Cherif, |
| Dates associated with a name | 1937-2017, |
| Relator term | author. |
| 245 10 - TITLE STATEMENT | |
| Title | Crimes against humanity : |
| Remainder of title | historical evolution and contemporary application / |
| Statement of responsibility, etc | M. Cherif Bassiouni. |
| 260 ## - PUBLICATION, DISTRIBUTION, ETC. (IMPRINT) | |
| Place of publication, distribution, etc | Cambridge : |
| Name of publisher, distributor, etc | Cambridge University Press, |
| Date of publication, distribution, etc | 2014. |
| 300 ## - PHYSICAL DESCRIPTION | |
| Extent | xxxvii, 845 pages |
| Dimensions | 25 cm |
| 500 ## - GENERAL NOTE | |
| General note | Originally published: 2011. |
| 504 ## - BIBLIOGRAPHY, ETC. NOTE | |
| Bibliography, etc | Includes bibliographical references and index. |
| 505 0# - FORMATTED CONTENTS NOTE | |
| Formatted contents note | Legal nature -- Phenomenological considerations -- Emergence in positive international law -- Post-charter developments -- The principles of legality in the London charter and post-charter developments -- Specific contents -- The theories and elements of criminal responsibility -- Defenses and exonerations -- A survey of national legislation and prosecutions for crimes against humanity -- Concluding assessment: the need for an international convention. |
| 650 #0 - SUBJECT ADDED ENTRY--TOPICAL TERM | |
| Topical term or geographic name as entry element | Crimes against humanity |
| General subdivision | History. |
| 9 (RLIN) | 9467 |
| 650 #0 - SUBJECT ADDED ENTRY--TOPICAL TERM | |
| Topical term or geographic name as entry element | International criminal courts |
| General subdivision | Rules and practice |
| -- | History. |
| 650 #7 - SUBJECT ADDED ENTRY--TOPICAL TERM | |
| Topical term or geographic name as entry element | Crimes against humanity. |
| Source of heading or term | fast |
| 650 #7 - SUBJECT ADDED ENTRY--TOPICAL TERM | |
| Topical term or geographic name as entry element | International crimes. |
| Source of heading or term | fast |
| 650 #7 - SUBJECT ADDED ENTRY--TOPICAL TERM | |
| Topical term or geographic name as entry element | International criminal courts |
| General subdivision | Rules and practice. |
| Source of heading or term | fast |
| 650 #7 - SUBJECT ADDED ENTRY--TOPICAL TERM | |
| Topical term or geographic name as entry element | International criminal law. |
| Source of heading or term | fast |
| 655 #7 - INDEX TERM--GENRE/FORM | |
| Genre/form data or focus term | History. |
| Source of term | fast |
| 942 ## - ADDED ENTRY ELEMENTS (KOHA) | |
| Source of classification or shelving scheme | Library of Congress Classification |
| Koha item type | Books |
| Home library | Current library | Date acquired | Full call number | Barcode | Koha item type |
|---|---|---|---|---|---|
| African Court on Human and Peoples' Rights Library | African Court on Human and Peoples' Rights Library | 22/07/2020 | KZ7145 .B37 2014 | 10205632 | Books |
| African Court on Human and Peoples' Rights Library | African Court on Human and Peoples' Rights Library | 22/07/2020 | KZ7145 .B37 2014 | 10205594 | Books |
